Maratónsky debutant verí, že diváci popri trati nebudú spomínať na jeho rozhodcovské výkony 88. ročník košického Medzinárodného maratónu mieru odštartuje, aspoň symbolicky, z miesta svojho zrodu

Bibliographic Details
Main Author: Matia, Bohuš (Author)
Format: Article
Language:Slovak
PhysicalDescription:Obr.
ISSN:1336-5320
Subjects:

MARC

LEADER 00000nab a2200000 a 4500
001 vtls009955408
003 SK-MaSNL
005 20260304175517.0
008 171108 2009 xo r r 000 0 slo
038 |a KEVKJB 
040 |a KEVKJB  |b slo  |c KEVKJB  |e AACR2 
041 0 |a slo 
044 |a xo  |c SK 
080 |a 796.422.16  |2 2001 
100 1 |a Matia, Bohuš  |4 aut  |9 538114 
245 1 0 |a Maratónsky debutant verí, že diváci popri trati nebudú spomínať na jeho rozhodcovské výkony  |b 88. ročník košického Medzinárodného maratónu mieru odštartuje, aspoň symbolicky, z miesta svojho zrodu  |c Bohuš Matia 
300 |b Obr. 
611 2 7 |a Medzinárodný maratón mieru (Košice, Slovensko)  |2 kevkjb  |9 258678 
651 7 |a šport  |z Košice (Slovensko)  |2 kevkjb  |9 1037390 
651 7 |a Košice (Slovensko)  |2 kevkjb  |9 18694 
773 0 |t Košický večer  |g Roč. 20(41), č. 39 (25.9.2009), s. 14  |x 1336-5320 
852 |a KEVKJB  |b KIS3GCP 
999 |c 3013868  |d 3015798